[Event "Continental Femenino"]
[Site "?"]
[Date "2007.??.??"]
[Round "5"]
[White "Maggiolo, Elisa"]
[Black "Zepeda, Sonia"]
[Result "0-1"]
[WhiteElo "2119"]
[BlackElo "2045"]
[PlyCount "76"]

1. e4 c5 2. Nf3 Nc6 3. d4 cxd4 4. Nxd4 Nf6 5. Nc3 d6 6. Bc4 Qb6 7. O-O Qxd4 8.
Nb5 Qxd1 9. Rxd1 Rb8 10. Nc7+ Kd8 11. Nb5 a6 12. Nc3 e6 13. a4 Be7 14. Be3 Kc7
15. a5 Nd7 16. f4 Nc5 17. Rd2 Rd8 18. Be2 Nb4 19. Rad1 h6 20. g3 b5 21. h4 Bb7
22. Bf3 f5 23. Kf2 fxe4 24. Bg4 Bf6 25. Ne2 Bd5 26. f5 Rf8 27. Kg1 exf5 28.
Bxf5 Be5 29. Bg4 Bc4 30. Nf4 Rfe8 31. Ng6 Nb7 32. Bb6+ Kc6 33. Rf2 Bxg3 34. Rf8
Nd5 35. Rxe8 Rxe8 36. Bd4 e3 37. Kg2 e2 38. Bxe2 Bxe2 0-1

2 0-1

[Event "Continental Femenino"]
[Site "?"]
[Date "2007.??.??"]
[Round "5"]
[White "Mateus, Martha"]
[Black "Airapetian, Chouchanik"]
[Result "1-0"]
[WhiteElo "2127"]
[BlackElo "2162"]
[PlyCount "80"]

1. e4 e5 2. Nc3 d6 3. Nf3 Be7 4. d4 Nd7 5. Bc4 Ngf6 6. Ng5 O-O 7. Bxf7+ Rxf7 8.
Ne6 Qe8 9. Nxc7 Qd8 10. Nxa8 b6 11. dxe5 dxe5 12. Nd5 Bc5 13. Be3 Bxe3 14. Nxe3
Bb7 15. f3 Bxa8 16. O-O Qc7 17. Nf5 Nf8 18. c3 Ne6 19. Qb3 Nc5 20. Qc4 Bb7 21.
b4 Ba6 22. b5 Bc8 23. Ne3 Be6 24. Nd5 Nxd5 25. exd5 Rf4 26. Qe2 Bxd5 27. Rfe1
e4 28. fxe4 Nxe4 29. Qe3 Rf6 30. Rad1 Bb7 31. Qd4 Rd6 32. Qe5 Qf7 33. Rf1 Qg6
34. Qe7 Nf6 35. Qxb7 Rxd1 36. Qa8+ Qe8 37. Qxe8+ Nxe8 38. Rxd1 Nf6 39. Rd8+ Kf7
40. Ra8 Nd5 1-0

5 1-0

[Event "Continental Femenino"]
[Site "?"]
[Date "2007.??.??"]
[Round "5"]
[White "Colautti, Marcela"]
[Black "Lovece, Ruth"]
[Result "1/2-1/2"]
[WhiteElo "1929"]
[BlackElo "2005"]
[PlyCount "142"]

1. d4 d5 2. c4 e6 3. Nf3 c6 4. e3 Nf6 5. Bd3 Bd6 6. b3 O-O 7. Bb2 Nbd7 8. Nbd2
b6 9. O-O Bb7 10. Ne5 Rc8 11. e4 dxe4 12. Nxe4 Nxe4 13. Bxe4 f5 14. Bc2 Bxe5
15. dxe5 Qe7 16. f4 Rfd8 17. Qf3 Nb8 18. Qc3 c5 19. Rad1 Nc6 20. Qe3 Nb4 21.
Bb1 Rxd1 22. Rxd1 Rd8 23. Rd2 Nc6 24. a3 a5 25. Bc3 Rxd2 26. Qxd2 Qd8 27. Qxd8+
Nxd8 28. b4 axb4 29. axb4 Ba6 30. Ba2 cxb4 31. Bd4 b5 32. cxb5 Bxb5 33. Bb6 Nf7
34. Bxe6 g6 35. Bc5 Kg7 36. Bxb4 Nd8 37. Bb3 Bd7 38. Kf2 Ne6 39. Ke3 Kf7 40. g3
Bb5 41. Kd2 Bd7 42. Kc3 Ke8 43. Bd6 Bc8 44. Kc4 Nd8 45. Kb5 h6 46. Kb6 Bd7 47.
Bb4 Ne6 48. Bd5 Kf7 49. h3 h5 50. Bc5 Ke8 51. Be3 Kf7 52. Bf3 Ke8 53. Bc6 Bxc6
54. Kxc6 Kf7 55. Kd6 Ng7 56. Kd5 Ne6 57. Bb6 Ng7 58. Bd8 Ne6 59. Bf6 Nf8 60.
Kd4 Ne6+ 61. Ke3 Nc5 62. Kf3 Ne6 63. g4 hxg4+ 64. hxg4 Nc5 65. gxf5 gxf5 66.
Ke3 Ne6 67. Bg5 Nc5 68. Kd4 Ne6+ 69. Kd5 Nf8 70. Kd6 Ne6 71. Bh6 Nd4 1/2-1/2

2-1/2

[Event "Continental Femenino"]
[Site "?"]
[Date "2007.??.??"]
[Round "6"]
[White "Amura, Claudia"]
[Black "Sanchez Castillo, Sarai"]
[Result "1/2-1/2"]
[WhiteElo "2344"]
[BlackElo "2340"]
[PlyCount "53"]

1. d4 d5 2. c4 c6 3. Nf3 Nf6 4. Nc3 e6 5. Bg5 Nbd7 6. cxd5 exd5 7. e3 Qa5 8.
Bd3 Bb4 9. Qc2 h6 10. Bh4 c5 11. dxc5 Bxc3+ 12. bxc3 Qxc5 13. O-O O-O 14. Rfd1
b6 15. Rab1 Bb7 16. Rb5 Qc8 17. Bf5 Qe8 18. Rb4 g6 19. Bh3 Nh5 20. Rbd4 Ne5 21.
Nxe5 Qxe5 22. Bg4 Nf6 23. Bxf6 Qxf6 24. Qd2 Rab8 25. a4 h5 26. Bh3 Bc8 27. Bxc8
1/2-1/2

2-1/2

[Event "Continental Femenino"]
[Site "?"]
[Date "2007.??.??"]
[Round "6"]
[White "Ramon Pita, Vivian"]
[Black "Lujan, Carolina"]
[Result "1/2-1/2"]
[WhiteElo "2279"]
[BlackElo "2394"]
[PlyCount "30"]

1. d4 d5 2. Nf3 Nc6 3. g3 g6 4. Bg2 Bg7 5. O-O e6 6. c3 Nge7 7. Nbd2 f5 8. Nb3
O-O 9. Bf4 h6 10. h4 b6 11. Nc1 a5 12. Nd3 Bb7 13. Qd2 Kh7 14. Qe3 Qc8 15. Nfe5
Ng8 1/2-1/2

2-1/2

[Event "Continental Femenino"]
[Site "?"]
[Date "2007.??.??"]
[Round "6"]
[White "Zuriel, Marisa"]
[Black "Nejanky, Maisa"]
[Result "1-0"]
[WhiteElo "2184"]
[BlackElo "2068"]
[PlyCount "77"]

1. e4 c5 2. Nf3 d6 3. d4 Nf6 4. Nc3 cxd4 5. Nxd4 g6 6. Be3 Bg7 7. f3 a6 8. Qd2
h5 9. Bc4 b5 10. Bb3 Bb7 11. a4 b4 12. Nd5 a5 13. O-O Nbd7 14. c3 bxc3 15. Nxc3
O-O 16. Kh1 Rc8 17. Rac1 Nc5 18. Ba2 Qd7 19. Bh6 e6 20. Bxg7 Kxg7 21. Bc4 Ba6
22. Bxa6 Nxa6 23. Ndb5 Rfd8 24. Rfd1 Ne8 25. Ne2 Nc5 26. Qc2 Qe7 27. Ra1 Na6
28. Qd2 Nb4 29. Rac1 d5 30. e5 Qb7 31. Ned4 Rc4 32. Rxc4 dxc4 33. Nxe6+ fxe6
34. Qxd8 Nd3 35. Rd2 Qf7 36. Qd4 Qb7 37. Nd6 Nxd6 38. exd6+ e5 39. Qxc4 1-0

4 1-0

[Event "Continental Femenino"]
[Site "?"]
[Date "2007.??.??"]
[Round "6"]
[White "Cori Tello, Daisy"]
[Black "Palao, Maricela"]
[Result "1-0"]
[WhiteElo "2144"]
[BlackElo "2139"]
[PlyCount "83"]

1. d4 Nf6 2. c4 d6 3. Nc3 Nbd7 4. Nf3 g6 5. e4 e5 6. Be2 Bg7 7. O-O O-O 8. dxe5
dxe5 9. Qc2 c6 10. b3 Re8 11. Bb2 Nh5 12. Rfe1 Nf4 13. Rad1 Qe7 14. Bf1 Nf8 15.
Ne2 Nh5 16. h3 Qf6 17. Rd3 g5 18. g4 Nf4 19. Nxf4 gxf4 20. Red1 Ng6 21. Qc1 h6
22. R1d2 Be6 23. Qd1 Kh7 24. Kh2 Rg8 25. Be2 Rae8 26. Qa1 Bc8 27. Rd6 Qe7 28.
c5 Nh4 29. Ng1 Qg5 30. Bc4 f3 31. R2d3 Bxg4 32. Qc1 Qxc1 33. Bxc1 Bh5 34. Rd7
Ref8 35. R3d6 Ng6 36. Bxf7 Rh8 37. Nxf3 Bxf3 38. Bxg6+ Kg8 39. Rxb7 Rf6 40. Bf5
Bh5 41. Rxa7 Bf7 42. Ra8+ 1-0

+ 1-0

[Event "Continental Femenino"]
[Site "?"]
[Date "2007.??.??"]
[Round "6"]
[White "Marrero Lopez, Yaniet"]
[Black "Ubaldo Suarez, Maria Gisel"]
[Result "1-0"]
[WhiteElo "2308"]
[BlackElo "2077"]
[PlyCount "55"]

1. e4 c5 2. Nf3 d6 3. d4 cxd4 4. Nxd4 Nf6 5. Nc3 g6 6. Be3 Bg7 7. f3 O-O 8. Qd2
Nc6 9. g4 Bd7 10. h4 Ne5 11. O-O-O Rc8 12. h5 b5 13. hxg6 fxg6 14. Bh6 Rf7 15.
Bxg7 Rxg7 16. Ncxb5 Qb6 17. g5 Nh5 18. f4 Nc4 19. Bxc4+ Rxc4 20. Nc3 Nxf4 21.
Qxf4 Rxd4 22. Rxd4 e5 23. Qf6 Rf7 24. Nd5 Rxf6 25. Nxb6 exd4 26. Nxd7 Rf7 27.
Nf6+ Kh8 28. Rh6 1-0

6 1-0

[Event "Continental Femenino"]
[Site "?"]
[Date "2007.??.??"]
[Round "6"]
[White "Buttner, Natalia"]
[Black "Pina Vega, Sulennis"]
[Result "1/2-1/2"]
[WhiteElo "2064"]
[BlackElo "2294"]
[PlyCount "71"]

1. e4 c5 2. Nf3 d6 3. d4 cxd4 4. Nxd4 Nf6 5. Nc3 Nc6 6. Nxc6 bxc6 7. Bd3 e5 8.
O-O Be7 9. Kh1 O-O 10. Qe1 Be6 11. Bd2 Nd7 12. Na4 d5 13. f4 dxe4 14. Qxe4 Nf6
15. Qxe5 Bd6 16. Qg5 h6 17. Qh4 Be7 18. Qg3 Bc4 19. Bc3 Bb5 20. Bxf6 Bxf6 21.
Bxb5 cxb5 22. Nc3 Rc8 23. Rad1 Qa5 24. Nd5 Bd8 25. Qb3 Kh8 26. f5 Rc4 27. f6 g6
28. Ne7 Qc7 29. Qh3 Kh7 30. Rd7 Rf4 31. Rc1 Qc4 32. Qd3 Rxf6 33. Nxg6 Rxg6 34.
Rxd8 Rxd8 35. Qxd8 Qxa2 36. Qd4 1/2-1/2

2-1/2

[Event "Continental Femenino"]
[Site "?"]
[Date "2007.??.??"]
[Round "6"]
[White "Zepeda, Sonia"]
[Black "Amed, Stephanie"]
[Result "1/2-1/2"]
[WhiteElo "2045"]
[BlackElo "2082"]
[PlyCount "55"]

1. e4 e6 2. d3 d5 3. Nd2 c5 4. Ngf3 Nf6 5. g3 Nc6 6. Bg2 Be7 7. O-O b6 8. Re1
Bb7 9. e5 Nd7 10. Nf1 Qc7 11. Qe2 h6 12. c3 g5 13. h3 O-O-O 14. d4 Rdg8 15. Be3
h5 16. N3d2 Nf8 17. a4 Ng6 18. a5 Rh7 19. axb6 axb6 20. Kh1 g4 21. h4 Rhh8 22.
Ra2 Kd7 23. Rea1 Ra8 24. Rxa8 Rxa8 25. Rxa8 Bxa8 26. Qa6 Bb7 27. Qb5 Kd8 28.
Kg1 1/2-1/2

2-1/2

[Event "Continental Femenino"]
[Site "?"]
[Date "2007.??.??"]
[Round "6"]
[White "Plazaola, Maria de los Ang"]
[Black "Justo, Virginia"]
[Result "1-0"]
[WhiteElo "2061"]
[BlackElo "2148"]
[PlyCount "49"]

1. e4 c5 2. d4 cxd4 3. c3 Nf6 4. e5 Nd5 5. cxd4 e6 6. Nc3 Nxc3 7. bxc3 Qc7 8.
Bd2 d6 9. f4 Nd7 10. Bd3 g6 11. Nf3 Bg7 12. Ng5 O-O 13. Qg4 Rd8 14. O-O Nf8 15.
Ne4 dxe5 16. fxe5 Bd7 17. Bg5 Bc6 18. Bxd8 Rxd8 19. Nf6+ Kh8 20. Qh4 b5 21. Rf2
Rb8 22. Raf1 Rb7 23. Nxh7 Nxh7 24. Rxf7 Qxf7 25. Rxf7 1-0

7 1-0

[Event "Continental Femenino"]
[Site "?"]
[Date "2007.??.??"]
[Round "6"]
[White "Burijovich, Liliana"]
[Black "Vargas, Gabriela"]
[Result "1/2-1/2"]
[WhiteElo "2227"]
[BlackElo "2118"]
[PlyCount "52"]

1. e4 e6 2. d4 d5 3. Nd2 Nf6 4. e5 Nfd7 5. Bd3 c5 6. c3 Nc6 7. Ne2 cxd4 8. cxd4
f6 9. exf6 Nxf6 10. Nf3 Bd6 11. O-O O-O 12. Bg5 Qc7 13. Nc3 a6 14. Bh4 Bd7 15.
Rc1 Bf4 16. Bg3 Bxg3 17. fxg3 Qd6 18. Qd2 e5 19. dxe5 Nxe5 20. Nxe5 Qxe5 21.
Qf4 Rae8 22. Qxe5 Rxe5 23. Rf4 Rfe8 24. Rd4 Bc6 25. h3 h6 26. g4 R8e7 1/2-1/2

2-1/2

[Event "Continental Femenino"]
[Site "?"]
[Date "2007.??.??"]
[Round "6"]
[White "Chang, Suzana"]
[Black "Mateus, Martha"]
[Result "1-0"]
[WhiteElo "2091"]
[BlackElo "2127"]
[PlyCount "105"]

1. e4 c5 2. Nf3 d6 3. g3 Nc6 4. Bg2 g6 5. O-O Bg7 6. c3 Bg4 7. h3 Bxf3 8. Qxf3
Nf6 9. d3 O-O 10. Nd2 Nd7 11. Qe2 Rb8 12. a4 a6 13. Nf3 b5 14. axb5 axb5 15.
Be3 b4 16. d4 Qc7 17. Ra6 bxc3 18. bxc3 cxd4 19. cxd4 Nb4 20. Ra3 Rfc8 21. Rc1
Qb7 22. Rxc8+ Qxc8 23. Ra7 Nc2 24. Rxd7 Nxe3 25. Rxe7 Rb1+ 26. Kh2 Nxg2 27. Qa2
Qf8 28. Qxb1 Nh4 29. Nxh4 Qxe7 30. Nf3 h5 31. h4 Bf6 32. Kg2 Kg7 33. Qd3 Qb7
34. Qe3 Qc6 35. Kh2 Kg8 36. e5 dxe5 37. Nxe5 Qd5 38. Qf4 Qe6 39. Qe4 Kg7 40.
Kg2 Kg8 41. Qc6 Qxc6+ 42. Nxc6 Kf8 43. Kf3 Ke8 44. Ke4 Kd7 45. Kd5 Bg7 46. Ne5+
Ke7 47. Kc6 Ke6 48. Nf3 Kf5 49. d5 Kg4 50. Ng5 Bf6 51. d6 Bd8 52. Nxf7 Bf6 53.
Ng5 1-0

5 1-0

[Event "Continental Femenino"]
[Site "?"]
[Date "2007.??.??"]
[Round "6"]
[White "Lovece, Ruth"]
[Black "Maggiolo, Elisa"]
[Result "0-1"]
[WhiteElo "2005"]
[BlackElo "2119"]
[PlyCount "92"]

1. e4 c5 2. Nf3 Nc6 3. d4 cxd4 4. Nxd4 Nf6 5. Nc3 e5 6. Ndb5 d6 7. Bg5 a6 8.
Na3 b5 9. Bxf6 gxf6 10. Nd5 Bg7 11. c3 f5 12. exf5 Bxf5 13. Nc2 O-O 14. Nce3
Be6 15. g3 f5 16. Bh3 Rb8 17. O-O Qd7 18. f4 b4 19. Qd2 a5 20. Rfd1 Kh8 21. a3
bxc3 22. bxc3 a4 23. Bf1 Na5 24. Rab1 Qa7 25. Qf2 Qc5 26. Rb4 Bd7 27. Nc2 Nb3
28. Qxc5 Nxc5 29. Nb6 Bc6 30. Rxd6 Be4 31. Ne1 exf4 32. Rc4 Be5 33. Rd1 fxg3
34. hxg3 Bxg3 35. Nxa4 Nxa4 36. Rxa4 Rb2 37. Bc4 h5 38. Ra6 f4 39. Rd7 Bf2+ 40.
Kf1 Bb6 41. a4 f3 42. a5 Rf2+ 43. Kg1 Rg2+ 44. Kh1 Be3 45. Re7 Rg1+ 46. Kh2
Rxe1 0-1

1 0-1

[Event "Continental Femenino"]
[Site "?"]
[Date "2007.??.??"]
[Round "6"]
[White "Malajovich, Sandra"]
[Black "Colautti, Marcela"]
[Result "1-0"]
[WhiteElo "2095"]
[BlackElo "1929"]
[PlyCount "87"]

1. d4 e6 2. c4 f5 3. Nf3 Nf6 4. g3 Be7 5. Bg2 O-O 6. O-O d6 7. b3 Qe8 8. Bb2
Qh5 9. Nfd2 Nc6 10. e4 Qh6 11. exf5 exf5 12. Re1 f4 13. Bxc6 fxg3 14. hxg3 Ng4
15. Bd5+ Kh8 16. Nf3 Nxf2 17. Kxf2 Qh2+ 18. Ke3 Qxb2 19. Qd2 Qxa1 20. Nc3 Bg4
21. Kd3 Bf5+ 22. Ke2 Rae8 23. Kf2 Bg5 24. Rxe8 Rxe8 25. Nxg5 Bg6 26. Ne2 c6 27.
Bg2 h6 28. Nf3 Qb1 29. Nf4 Bh7 30. d5 c5 31. Ne6 Bf5 32. Nf4 Bh7 33. Ne6 Qf5
34. Qf4 Qc2+ 35. Qd2 Qb1 36. Bh3 Be4 37. Bg2 Kg8 38. Nh4 Bh7 39. Nf3 Bf5 40.
Nf4 Qa1 41. Bh3 Be4 42. Be6+ Kh7 43. Qe2 Qb1 44. Nd2 1-0

2 1-0

[Event "Continental Femenino"]
[Site "?"]
[Date "2007.??.??"]
[Round "7"]
[White "Sanchez Castillo, Sarai"]
[Black "Cori Tello, Daisy"]
[Result "1/2-1/2"]
[WhiteElo "2340"]
[BlackElo "2144"]
[PlyCount "82"]

1. e4 e6 2. d4 d5 3. Nc3 Bb4 4. exd5 exd5 5. Bd3 Nc6 6. a3 Bxc3+ 7. bxc3 Nge7
8. Rb1 O-O 9. Qh5 g6 10. Qd1 b6 11. Ne2 Bf5 12. Ng3 Bxd3 13. cxd3 f5 14. Bf4
Nc8 15. h4 Re8+ 16. Kf1 Nd6 17. h5 Qf6 18. hxg6 hxg6 19. Qf3 Qe6 20. Bd2 Nf7
21. Re1 Qd6 22. Ne2 Rad8 23. Qh3 Kg7 24. Qh7+ Kf6 25. Nf4 Rxe1+ 26. Kxe1 Ne7
27. Qh4+ Kg7 28. Qg3 Rh8 29. Rxh8 Kxh8 30. a4 g5 31. Qh3+ Kg8 32. Nh5 Qg6 33.
f4 c6 34. fxg5 Nxg5 35. Qh4 Nf7 36. Nf4 Qg5 37. Qf2 Qf6 38. Qg3+ Qg5 39. Qf2
Qf6 40. Qe3 Ng6 41. Nxg6 Qxg6 1/2-1/2

2-1/2

[Event "Continental Femenino"]
[Site "?"]
[Date "2007.??.??"]
[Round "7"]
[White "Ramon Pita, Vivian"]
[Black "Zuriel, Marisa"]
[Result "1/2-1/2"]
[WhiteElo "2279"]
[BlackElo "2184"]
[PlyCount "56"]

1. d4 Nf6 2. c4 g6 3. g3 Bg7 4. Bg2 O-O 5. Nf3 d6 6. O-O Nc6 7. Nc3 a6 8. Re1
e5 9. e4 Bg4 10. d5 Nd4 11. Qd3 Nd7 12. Nxd4 exd4 13. Ne2 Qf6 14. Qb3 Nc5 15.
Qa3 b5 16. Nf4 bxc4 17. h3 Bd7 18. Bd2 Rfe8 19. Rac1 Bb5 20. h4 Bh6 21. Rcd1
Bxf4 22. Bxf4 Nd3 23. Rxd3 cxd3 24. Qa5 Qd8 25. Qb4 Qf6 26. a4 Bd7 27. Qc4 Rab8
28. b3 Rb7 1/2-1/2

2-1/2

[Event "Continental Femenino"]
[Site "?"]
[Date "2007.??.??"]
[Round "7"]
[White "Marrero Lopez, Yaniet"]
[Black "Amura, Claudia"]
[Result "1/2-1/2"]
[WhiteElo "2308"]
[BlackElo "2344"]
[PlyCount "64"]

1. e4 g6 2. d4 Bg7 3. Nc3 d6 4. f4 Nf6 5. Nf3 c5 6. Bb5+ Bd7 7. e5 Ng4 8. Bxd7+
Qxd7 9. d5 Na6 10. h3 Nh6 11. g4 Nc7 12. Be3 b5 13. Qd2 b4 14. Ne2 dxe5 15.
fxe5 Qxd5 16. Qxd5 Nxd5 17. Bxc5 Rc8 18. Bxa7 Rxc2 19. Rd1 e6 20. Rd2 Rc8 21.
a3 Bf8 22. Rd3 bxa3 23. bxa3 Ra8 24. Bd4 Bxa3 25. Kf2 O-O 26. Nc3 Nxc3 27. Rxc3
Bb2 28. Rd3 Ra2 29. Bxb2 Rxb2+ 30. Kg3 Kg7 31. Rd7 Re2 32. Rh2 Rxh2 1/2-1/2

2-1/2

[Event "Continental Femenino"]
[Site "?"]
[Date "2007.??.??"]
[Round "7"]
[White "Pina Vega, Sulennis"]
[Black "Lujan, Carolina"]
[Result "1-0"]
[WhiteElo "2294"]
[BlackElo "2394"]
[PlyCount "87"]

1. e4 c5 2. b3 Nc6 3. Bb2 d6 4. Bb5 e5 5. Ne2 Nge7 6. O-O g6 7. f4 Bg7 8. Ng3
h5 9. Bxc6+ Nxc6 10. d3 Bg4 11. Qd2 Bh6 12. h3 Qh4 13. Qe1 Bxf4 14. Rxf4 exf4
15. Bxh8 fxg3 16. Nd2 O-O-O 17. Bc3 Bxh3 18. gxh3 Qxh3 19. Qe2 h4 20. Rf1 Rd7
21. Rf4 f5 22. Qg2 Qxg2+ 23. Kxg2 g5 24. Rxf5 Rh7 25. Rxg5 h3+ 26. Kh1 g2+ 27.
Kh2 Ne7 28. Nf3 Rf7 29. Ng1 Rf2 30. Kxh3 Rxc2 31. Bf6 Nc6 32. Rxg2 Rxg2 33.
Kxg2 Nb4 34. Bc3 Nxd3 35. Ne2 b5 36. Kf3 c4 37. bxc4 bxc4 38. Ke3 Kd7 39. Kd4
Nf2 40. Kd5 a6 41. Bd4 Ng4 42. Kxc4 Kc6 43. Nc3 a5 44. a4 1-0

4 1-0

[Event "Continental Femenino"]
[Site "?"]
[Date "2007.??.??"]
[Round "7"]
[White "Nejanky, Maisa"]
[Black "Buttner, Natalia"]
[Result "1/2-1/2"]
[WhiteElo "2068"]
[BlackElo "2064"]
[PlyCount "76"]

1. e4 d5 2. exd5 Qxd5 3. Nc3 Qd6 4. d4 Nf6 5. Nf3 a6 6. a4 Bg4 7. Be2 e6 8. O-O
Be7 9. Ne5 Bxe2 10. Nxe2 Nbd7 11. Bf4 Nxe5 12. Bxe5 Qd8 13. Ng3 O-O 14. Qf3 Qd5
15. Qd3 Rac8 16. Rfd1 Ng4 17. Bf4 Bg5 18. c4 Qd8 19. Bxg5 Qxg5 20. Qf3 c6 21.
Ne4 Qh4 22. h3 Nf6 23. Nxf6+ Qxf6 24. Qxf6 gxf6 25. a5 Rfd8 26. Kf1 Rd7 27. Ra3
Rcd8 28. Rad3 Kf8 29. Ke2 Ke7 30. f4 f5 31. Ke3 h5 32. g3 Kf6 33. Ke2 Ke7 34.
Kf3 Kf6 35. Ke3 Ke7 36. Rg1 Kf6 37. Rgd1 Ke7 38. Kf3 Kf6 1/2-1/2

2-1/2

[Event "Continental Femenino"]
[Site "?"]
[Date "2007.??.??"]
[Round "7"]
[White "Amed, Stephanie"]
[Black "Carraro, Denise"]
[Result "1-0"]
[WhiteElo "2082"]
[BlackElo "2048"]
[PlyCount "129"]

1. c4 e5 2. Nc3 Nf6 3. g3 Bb4 4. Bg2 O-O 5. a3 Bxc3 6. bxc3 Nc6 7. e4 d6 8. Ne2
Be6 9. d3 Qd7 10. h3 Rae8 11. Rb1 b6 12. Be3 Kh8 13. g4 Ng8 14. Ng3 g6 15. Qa4
Na5 16. Qxd7 Bxd7 17. O-O Ba4 18. Rb2 Kg7 19. f4 f6 20. Rff2 Ne7 21. Bf1 Rd8
22. Rbd2 c5 23. Rf3 Nec6 24. Rdf2 Rd7 25. h4 Rdf7 26. f5 Ne7 27. g5 Bd1 28.
fxg6 Nxg6 29. Nf5+ Kh8 30. Nxd6 Bxf3 31. Nxf7+ Rxf7 32. Rxf3 Nxh4 33. Rxf6 Rxf6
34. gxf6 Kg8 35. Be2 Nc6 36. Bg5 Ng6 37. Bg4 Kf7 38. Kf2 Na5 39. Ke3 h6 40.
Bxh6 Kxf6 41. a4 Nc6 42. Bd7 Nd8 43. Kf3 Nh4+ 44. Kg4 Ke7 45. Bb5 Nf7 46. Be3
Ng6 47. d4 exd4 48. cxd4 cxd4 49. Bxd4 Nfe5+ 50. Kf5 Kd6 51. a5 Nh4+ 52. Kf6
Ng4+ 53. Kf7 Nf3 54. axb6 axb6 55. Bxb6 Ng5+ 56. Kg6 Nxe4 57. Kf5 Ngf6 58. Bd4
Ke7 59. Be5 Kf7 60. Bc6 Nd2 61. Bxf6 Nb3 62. Bd5+ Ke8 63. Ke6 Nc5+ 64. Kd6 Nd7
65. Bc6 1-0

6 1-0

[Event "Continental Femenino"]
[Site "?"]
[Date "2007.??.??"]
[Round "7"]
[White "Palao, Maricela"]
[Black "Plazaola, Maria de los Ang"]
[Result "0-1"]
[WhiteElo "2139"]
[BlackElo "2061"]
[PlyCount "48"]

1. d4 Nf6 2. c4 c5 3. d5 b5 4. cxb5 e6 5. Nc3 exd5 6. Nxd5 Bb7 7. Nxf6+ Qxf6 8.
e3 d5 9. Nf3 Bd6 10. Be2 O-O 11. O-O Re8 12. a4 Nd7 13. a5 Rad8 14. Ra4 Re4 15.
Qc2 c4 16. Qc3 Qh6 17. g3 Rde8 18. Ra1 Ne5 19. Qc2 Ng4 20. Rd1 d4 21. Rxd4 Rxd4
22. exd4 Qh3 23. Be3 Bxf3 24. Bxf3 Qxh2+ 0-1

+ 0-1

[Event "Continental Femenino"]
[Site "?"]
[Date "2007.??.??"]
[Round "7"]
[White "Ubaldo Suarez, Maria Gisel"]
[Black "Zepeda, Sonia"]
[Result "1/2-1/2"]
[WhiteElo "2077"]
[BlackElo "2045"]
[PlyCount "153"]

1. d4 d5 2. c4 e6 3. Nc3 c6 4. cxd5 exd5 5. Nf3 Nf6 6. Bg5 Be7 7. e3 Bg4 8. Be2
Nbd7 9. Qc2 O-O 10. O-O Re8 11. Rfe1 Nf8 12. Bxf6 Bxf6 13. b4 Be7 14. Rab1 Bd6
15. Nd2 Bxe2 16. Rxe2 Re6 17. Nf1 Rh6 18. f4 Nd7 19. b5 Nb6 20. bxc6 bxc6 21.
Nd2 Re6 22. Qd3 Qe8 23. Nf3 f6 24. Nd2 Qf7 25. a4 Rae8 26. a5 Nc4 27. Nxc4 dxc4
28. Qd2 Qe7 29. e4 Bb4 30. Rbe1 Bxa5 31. f5 Rd6 32. Qa2 Bb6 33. Qxc4+ Qf7 34.
Qxf7+ Kxf7 35. Kf1 Rxd4 36. Ra1 Re5 37. g3 Rd3 38. Nd1 Rb5 39. Nf2 Rdb3 40. Kg2
Rb2 41. Ra2 Bd4 42. Nd3 Rxe2+ 43. Rxe2 Rb3 44. Nf4 Rb2 45. Rxb2 Bxb2 46. Ne6
Ke7 47. Kf1 a5 48. Ke2 g6 49. Kd3 gxf5 50. exf5 a4 51. Kc2 a3 52. g4 Kd6 53. h4
h6 54. Nd8 Bd4 55. Kb3 Bf2 56. h5 Be3 57. Kxa3 Kd5 58. Kb3 c5 59. Nf7 Kd4 60.
Kc2 Bf4 61. Nd8 Ke4 62. Ne6 Bd6 63. Nd8 Kf3 64. g5 fxg5 65. f6 g4 66. Nf7 Bf8
67. Ne5+ Kf4 68. Ng6+ Kg5 69. Nxf8 Kxf6 70. Kd2 c4 71. Nd7+ Kg5 72. Ne5 g3 73.
Ke2 Kxh5 74. Nxc4 Kg4 75. Ne3+ Kf4 76. Ng2+ Ke4 77. Nh4 1/2-1/2

2-1/2

[Event "Continental Femenino"]
[Site "?"]
[Date "2007.??.??"]
[Round "7"]
[White "Maggiolo, Elisa"]
[Black "Chang, Suzana"]
[Result "0-1"]
[WhiteElo "2119"]
[BlackElo "2091"]
[PlyCount "142"]

1. e4 e5 2. Nf3 Nc6 3. Bb5 a6 4. Ba4 Nf6 5. d3 d6 6. O-O Be7 7. c3 O-O 8. Nbd2
b5 9. Bc2 Re8 10. Re1 Bf8 11. a4 Bg4 12. h3 Bh5 13. Nf1 h6 14. Ng3 Bxf3 15.
Qxf3 Rb8 16. axb5 axb5 17. Nf5 Kh7 18. Ra6 Rb6 19. Rxb6 cxb6 20. Bb3 d5 21.
exd5 Na5 22. Ba2 g6 23. Ne3 Bg7 24. Bd2 e4 25. dxe4 Nxe4 26. Bc1 f5 27. Nf1 Nc4
28. Qd3 Qc7 29. Ng3 Nc5 30. Qf1 Rxe1 31. Qxe1 Nd3 32. Qd1 Ncxb2 33. d6 Qc5 34.
Qd2 Qxc3 35. Qxc3 Bxc3 36. Ne2 Bf6 37. Be3 Nc5 38. Bd4 Kg7 39. Bd5 Nc4 40. d7
Nxd7 41. Bc6 Nc5 42. Bxb5 Nd6 43. Bc6 Kf7 44. Kf1 Nde4 45. f3 Nd6 46. Ke1 Bxd4
47. Nxd4 Nd3+ 48. Kd2 Nf4 49. Ne2 Nxg2 50. Kd3 g5 51. Kd4 Ke6 52. Bd5+ Kf6 53.
Bc6 Nf7 54. Nc3 Nf4 55. Bb5 Ne5 56. Ke3 Nxh3 57. Nd5+ Ke6 58. Nxb6 h5 59. Na4
f4+ 60. Ke2 Ng1+ 61. Kf2 Ngxf3 62. Nc3 g4 63. Ba6 g3+ 64. Kf1 h4 65. Ne4 Nh2+
66. Kg1 Kf5 67. Nd6+ Kg4 68. Bc8+ Kf3 69. Bb7+ Ke2 70. Ba6+ Ke1 71. Ne4 h3 0-1

3 0-1

[Event "Continental Femenino"]
[Site "?"]
[Date "2007.??.??"]
[Round "7"]
[White "Justo, Virginia"]
[Black "Burijovich, Liliana"]
[Result "0-1"]
[WhiteElo "2148"]
[BlackElo "2227"]
[PlyCount "62"]

1. e4 c5 2. Nf3 Nc6 3. d4 cxd4 4. Nxd4 Qb6 5. Nb3 Nf6 6. Nc3 e6 7. g3 Bb4 8.
Bg2 d5 9. exd5 Nxd5 10. Bd2 Nxc3 11. Bxc3 Bxc3+ 12. bxc3 O-O 13. O-O e5 14. Qe2
Bf5 15. Rab1 Qc7 16. Nc5 Rab8 17. Nd3 Rfe8 18. Rb5 f6 19. Rfb1 b6 20. Bd5+ Kh8
21. Qe3 Rbc8 22. Ne1 Na5 23. Qf3 Bg6 24. R5b2 Qxc3 25. Qg2 e4 26. h4 Rc5 27.
Bb3 Rd8 28. g4 h6 29. Qh2 e3 30. Nd3 Bxd3 31. cxd3 e2 0-1

2 0-1

[Event "Continental Femenino"]
[Site "?"]
[Date "2007.??.??"]
[Round "7"]
[White "Airapetian, Chouchanik"]
[Black "Malajovich, Sandra"]
[Result "0-1"]
[WhiteElo "2162"]
[BlackElo "2095"]
[PlyCount "150"]

1. e4 c5 2. Nf3 Nc6 3. d4 cxd4 4. Nxd4 g6 5. Nc3 Bg7 6. Be3 d6 7. Qd2 Nf6 8. f3
O-O 9. Bc4 Bd7 10. O-O-O Qa5 11. Nb3 Qc7 12. Be2 Rfc8 13. g4 Be6 14. h4 Na5 15.
h5 Nxb3+ 16. cxb3 Nd7 17. Kb1 Bxc3 18. bxc3 Qxc3 19. Qxc3 Rxc3 20. Bd4 Rcc8 21.
f4 f6 22. Rdg1 a6 23. g5 f5 24. hxg6 hxg6 25. Rh8+ Kf7 26. Rh7+ Ke8 27. Bd3 Nf8
28. Rg7 fxe4 29. Bxe4 d5 30. Bd3 Bf7 31. f5 gxf5 32. Bxf5 Be6 33. Bd3 Bh3 34.
Be5 Nd7 35. Bg6+ Kf8 36. Bb2 e5 37. Rh7 Be6 38. Ba3+ Kg8 39. Re7 Nf8 40. Bc2 b5
41. Bd6 Re8 42. g6 Rxe7 43. Bxe7 Re8 44. Bd6 Nd7 45. g7 Rc8 46. Kb2 Rc6 47. Be7
Rc7 48. Rg6 Rxc2+ 49. Ka3 Rc6 50. Bb4 d4 51. Rg1 Bd5 52. Bd2 Be4 53. Re1 Bh7
54. Kb4 Kxg7 55. a4 bxa4 56. bxa4 Bd3 57. Rh1 e4 58. Bf4 Re6 59. Rd1 Nf6 60.
Kc5 Bc2 61. Rg1+ Kf7 62. Kxd4 Bxa4 63. Be5 Bb5 64. Re1 Bd3 65. Rc1 Ng4 66. Bf4
Re7 67. Rg1 Nf6 68. Bg5 Rd7+ 69. Ke5 Rd5+ 70. Kf4 a5 71. Ke3 a4 72. Bxf6 Kxf6
73. Ra1 Ra5 74. Kd4 a3 75. Ra2 Bb1 0-1

1 0-1

[Event "Continental Femenino"]
[Site "?"]
[Date "2007.??.??"]
[Round "7"]
[White "Mateus, Martha"]
[Black "Lovece, Ruth"]
[Result "1/2-1/2"]
[WhiteElo "2127"]
[BlackElo "2005"]
[PlyCount "134"]

1. e4 c6 2. d4 d5 3. e5 Bf5 4. Nf3 e6 5. a3 Nd7 6. Nbd2 c5 7. dxc5 Bxc5 8. b4
Bb6 9. Bb2 Ne7 10. Be2 O-O 11. O-O Bc7 12. Re1 Nc6 13. Bb5 a5 14. Bxc6 bxc6 15.
Nd4 c5 16. Nxf5 exf5 17. Nb3 c4 18. Nxa5 Bxa5 19. bxa5 Qxa5 20. Qf3 Qb6 21. Bc3
Qe6 22. Bd4 Rfb8 23. a4 Ra6 24. a5 Rb5 25. Qc3 Nf8 26. Reb1 Qc6 27. Bb6 Ne6 28.
Qh3 g6 29. Qh4 Qd7 30. h3 Qc6 31. Rxb5 Qxb5 32. Rd1 d4 33. Bxd4 Rxa5 34. Bc3
Ra8 35. Qf6 Re8 36. Kh2 Qb7 37. h4 Qa7 38. f3 Qe7 39. Qxe7 Rxe7 40. Rd6 Rc7 41.
h5 Kg7 42. hxg6 hxg6 43. Kg1 Kf8 44. Kf2 Ke8 45. g3 Nc5 46. Ke3 Ne6 47. Bb4 Rc8
48. f4 Rb8 49. c3 Rc8 50. Rd5 Rc7 51. Bd6 Rd7 52. Rb5 Rd8 53. Rb7 Rd7 54. Rb4
f6 55. Rxc4 fxe5 56. fxe5 Ng5 57. Rc8+ Kf7 58. Rc7 Rxc7 59. Bxc7 Ne4 60. c4 Ke6
61. g4 Nc5 62. gxf5+ gxf5 63. Bd6 Nb3 64. Kd3 Na5 65. c5 Nc6 66. Kc4 Nxe5+ 67.
Bxe5 Kxe5 1/2-1/2

2-1/2